000 00369nam a2200157Ia 4500
005 20250425161432.0
008 250425s9999 xx 000 0 und d
041 _aspa
082 _a621.312132
245 0 _aOPTIMIZACION DEL COSTO DE PRODUCIR UN KW-HR E
250 _aS.E.
260 _aS.L.
260 _aSin Pais
_bESPOL
_c1987
942 _c01
010 _a20265
999 _c209207
_d209207